|
|
|
|
| LEADER |
00000nam0a2200000 4500 |
| 001 |
226700 |
| 005 |
20251027144336.0 |
| 035 |
|
|
|a (RuTPU)RU\TPU\book\247088
|
| 090 |
|
|
|a 226700
|
| 100 |
|
|
|a 20121126d1883 km y0rusy50 ca
|
| 101 |
1 |
|
|a rus
|
| 102 |
|
|
|a RU
|
| 105 |
|
|
|a a z 000zy
|
| 181 |
|
0 |
|a i
|b e
|
| 182 |
|
0 |
|a n
|
| 183 |
|
0 |
|a nc
|2 RDAcarrier
|
| 200 |
1 |
|
|a Главнейшие приложения электричества
|f Е. Госпиталье
|g пер. С. Степанова
|
| 203 |
|
|
|a Текст
|b визуальный
|c непосредственный
|
| 205 |
|
|
|a Пер. со 2-го изд.
|
| 210 |
|
|
|a Санкт-Петербург
|c Издание С. Исакова
|c Типография и Хромолитография А. Траншеля
|d 1883
|
| 215 |
|
|
|a [6], 387 с.
|c ил.
|
| 283 |
|
|
|a volume
|2 RDAcarrier
|
| 300 |
|
|
|a Текст в русской дореформенной орфографии
|
| 316 |
|
|
|5 63413507: 3356
|a Владельческий переплет
|
| 316 |
|
|
|5 63413507: 3356
|a На форзаце и титульном листе штемпели П. К. Гудкова
|
| 316 |
|
|
|5 63413507: 3356
|a На корешке суперэкслибрис "П. Г."
|
| 316 |
|
|
|5 63413507: 11165
|a Поступил в НТБ в 1910 г. в дар от сына А. К. Жбиковского преподавателя ТТИ С. А. Жбиковского
|
| 606 |
1 |
|
|a Электротехника общая
|2 stltpush
|3 (RuTPU)RU\TPU\subj\20906
|9 45967
|
| 610 |
1 |
|
|a электричество
|
| 610 |
1 |
|
|a электрическая энергия
|
| 610 |
1 |
|
|a применение
|
| 610 |
1 |
|
|a электрические элементы
|
| 610 |
1 |
|
|a термоэлектрические батареи
|
| 610 |
1 |
|
|a электрические машины
|
| 610 |
1 |
|
|a электрические трансформаторы
|
| 610 |
1 |
|
|a электрическое освещение
|
| 610 |
1 |
|
|a телефонные аппараты
|
| 610 |
1 |
|
|a микрофоны
|
| 610 |
1 |
|
|a радиофоны
|
| 610 |
1 |
|
|a электрические двигатели
|
| 610 |
1 |
|
|a музыкальные телефоны
|
| 610 |
1 |
|
|a фотофоны
|
| 610 |
1 |
|
|a владельческие знаки
|
| 610 |
1 |
|
|a Коллекция С. А. Жбиковского
|
| 675 |
|
|
|a 621.3
|v 3
|
| 700 |
|
1 |
|a Госпиталье
|b Е.
|
| 702 |
|
1 |
|a Степанов
|b С.
|4 730
|
| 801 |
|
1 |
|a RU
|b 63413507
|c 20121126
|
| 801 |
|
2 |
|a RU
|b 63413507
|c 20201119
|g RCR
|
| 942 |
|
|
|c BK
|